Sports Quiz

Random Sports Quiz
Score 0/280 Timer 08:00
3 Plays Today
Ano Clubes % Correct
1966River Plate
96.6%
1967River Plate
96.6%
1970River Plate
96.6%
1976River Plate
96.6%
1978River Plate
96.6%
1982River Plate
96.6%
1986River Plate
96.6%
1987River Plate
96.6%
1990River Plate
96.6%
1995River Plate
96.6%
1996River Plate
96.6%
1998River Plate
96.6%
1999River Plate
96.6%
2004River Plate
96.6%
2005River Plate
96.6%
2015River Plate
96.6%
2017River Plate
96.6%
2018River Plate
96.6%
2019River Plate
96.6%
1963Boca Juniors
96.5%
1965Boca Juniors
96.5%
1966Boca Juniors
96.5%
1977Boca Juniors
96.5%
1978Boca Juniors
96.5%
1979Boca Juniors
96.5%
1991Boca Juniors
96.5%
2000Boca Juniors
96.5%
2001Boca Juniors
96.5%
2003Boca Juniors
96.5%
2004Boca Juniors
96.5%
2007Boca Juniors
96.5%
2008Boca Juniors
96.5%
2012Boca Juniors
96.5%
2016Boca Juniors
96.5%
2018Boca Juniors
96.5%
2019Boca Juniors
96.5%
1981Flamengo
96.3%
1982Flamengo
96.3%
1984Flamengo
96.3%
2019Flamengo
96.3%
1962Santos
96.1%
1963Santos
96.1%
1964Santos
96.1%
1965Santos
96.1%
2003Santos
96.1%
2007Santos
96.1%
2011Santos
96.1%
2012Santos
96.1%
1983Grêmio
96%
1984Grêmio
96%
1995Grêmio
96%
1996Grêmio
96%
2002Grêmio
96%
2007Grêmio
96%
2009Grêmio
96%
2017Grêmio
96%
2018Grêmio
96%
2019Grêmio
96%
1972São Paulo
95.6%
1974São Paulo
95.6%
1992São Paulo
95.6%
1993São Paulo
95.6%
1994São Paulo
95.6%
2004São Paulo
95.6%
2005São Paulo
95.6%
2006São Paulo
95.6%
2010São Paulo
95.6%
2016São Paulo
95.6%
1961Palmeiras
95.2%
1968Palmeiras
95.2%
1971Palmeiras
95.2%
1999Palmeiras
95.2%
2000Palmeiras
95.2%
2001Palmeiras
95.2%
2018Palmeiras
95.2%
1977Internacional
94.4%
1980Internacional
94.4%
1989Internacional
94.4%
2006Internacional
94.4%
2010Internacional
94.4%
2015Internacional
94.4%
2000Corinthians
94.2%
2012Corinthians
94.2%
1978Atlético Mineiro
93%
2013Atlético Mineiro
93%
1998Vasco da Gama
92.2%
2008Fluminense
91.3%
1967Cruzeiro
89.5%
1975Cruzeiro
89.5%
1976Cruzeiro
89.5%
1977Cruzeiro
89.5%
1997Cruzeiro
89.5%
2009Cruzeiro
89.5%
1960Peñarol
88.2%
Ano Clubes % Correct
1961Peñarol
88.2%
1962Peñarol
88.2%
1963Peñarol
88.2%
1965Peñarol
88.2%
1966Peñarol
88.2%
1967Peñarol
88.2%
1968Peñarol
88.2%
1969Peñarol
88.2%
1970Peñarol
88.2%
1972Peñarol
88.2%
1974Peñarol
88.2%
1976Peñarol
88.2%
1979Peñarol
88.2%
1981Peñarol
88.2%
1982Peñarol
88.2%
1983Peñarol
88.2%
1985Peñarol
88.2%
1987Peñarol
88.2%
2011Peñarol
88.2%
1962Nacional (URU)
84.6%
1964Nacional (URU)
84.6%
1966Nacional (URU)
84.6%
1967Nacional (URU)
84.6%
1969Nacional (URU)
84.6%
1971Nacional (URU)
84.6%
1972Nacional (URU)
84.6%
1980Nacional (URU)
84.6%
1981Nacional (URU)
84.6%
1983Nacional (URU)
84.6%
1984Nacional (URU)
84.6%
1988Nacional (URU)
84.6%
2009Nacional (URU)
84.6%
2014Nacional (PAR)
84.6%
1963Botafogo
82.2%
1973Botafogo
82.2%
2005Athletico Paranaense
80.9%
1964Independiente
80.1%
1965Independiente
80.1%
1966Independiente
80.1%
1972Independiente
80.1%
1973Independiente
80.1%
1974Independiente
80.1%
1975Independiente
80.1%
1976Independiente
80.1%
1979Independiente
80.1%
1984Independiente
80.1%
1985Independiente
80.1%
1987Independiente
80.1%
1989Atlético Nacional
79.7%
1990Atlético Nacional
79.7%
1991Atlético Nacional
79.7%
1995Atlético Nacional
79.7%
2016Atlético Nacional
79.7%
1960Olimpia
76.8%
1961Olimpia
76.8%
1979Olimpia
76.8%
1980Olimpia
76.8%
1982Olimpia
76.8%
1986Olimpia
76.8%
1989Olimpia
76.8%
1990Olimpia
76.8%
1991Olimpia
76.8%
1994Olimpia
76.8%
2002Olimpia
76.8%
2013Olimpia
76.8%
1975LDU Quito
74.7%
1976LDU Quito
74.7%
2008LDU Quito
74.7%
2002São Caetano
73.8%
1960San Lorenzo
71.9%
1973San Lorenzo
71.9%
1988San Lorenzo
71.9%
2014San Lorenzo
71.9%
1967Racing
71.6%
1968Racing
71.6%
1997Racing
71.6%
1968Estudiantes
70.7%
1969Estudiantes
70.7%
1970Estudiantes
70.7%
1971Estudiantes
70.7%
1983Estudiantes
70.7%
2009Estudiantes
70.7%
2017Lanús
69.6%
1980América de Cali
69.4%
1983América de Cali
69.4%
1985América de Cali
69.4%
1986América de Cali
69.4%
1987América de Cali
69.4%
1988América de Cali
69.4%
1992América de Cali
69.4%
1993América de Cali
69.4%
1996América de Cali
69.4%
2000América (MEX)
69.4%
2002América (MEX)
69.4%
Ano Clubes % Correct
2003América de Cali
69.4%
1964Colo-Colo
69.2%
1967Colo-Colo
69.2%
1973Colo-Colo
69.2%
1991Colo-Colo
69.2%
1997Colo-Colo
69.2%
1971Barcelona de Guayaquil
67.6%
1972Barcelona de Guayaquil
67.6%
1986Barcelona de Guayaquil
67.6%
1987Barcelona de Guayaquil
67.6%
1990Barcelona de Guayaquil
67.6%
1992Barcelona de Guayaquil
67.6%
1998Barcelona de Guayaquil
67.6%
2017Barcelona de Guayaquil
67.6%
2015Tigres
59.8%
1980Vélez Sarsfield
57.9%
1994Vélez Sarsfield
57.9%
2011Vélez Sarsfield
57.9%
1962Universidad Católica
55%
1966Universidad Católica
55%
1969Universidad Católica
55%
1984Universidad Católica
55%
1993Universidad Católica
55%
1973Cerro Porteño
52.7%
1978Cerro Porteño
52.7%
1993Cerro Porteño
52.7%
1998Cerro Porteño
52.7%
1999Cerro Porteño
52.7%
2011Cerro Porteño
52.7%
2005Chivas Guadalajara
52.6%
2006Chivas Guadalajara
52.6%
2008Chivas Guadalajara
52.6%
2010Chivas Guadalajara
52.6%
1970Universidad de Chile
51.6%
1996Universidad de Chile
51.6%
2010Universidad de Chile
51.6%
2012Universidad de Chile
51.6%
2016Independiente Del Valle
50.2%
2004Once Caldas
50.1%
1966Guaraní (PAR)
49.5%
1979Guarani (BRA)
49.5%
2015Guaraní (PAR)
49.5%
1981Cobreloa
48.7%
1982Cobreloa
48.7%
1987Cobreloa
48.7%
1986Bolívar
46.4%
2014Bolívar
46.4%
1985Argentinos Juniors
43.3%
1986Argentinos Juniors
43.3%
1988Newell's Old Boys
42.6%
1992Newell's Old Boys
42.6%
2013Newell's Old Boys
42.6%
1977Libertad
41.9%
2006Libertad
41.9%
1967Universitario
41.3%
1971Universitario
41.3%
1972Universitario
41.3%
1975Universitario
41.3%
1977Deportivo Cali
41.3%
1978Deportivo Cali
41.3%
1981Deportivo Cali
41.3%
1999Deportivo Cali
41.3%
1995Emelec
40.4%
1997Sporting Cristal
37.1%
1975Rosario Central
36.4%
2001Rosario Central
36.4%
2001Cruz Azul
36.4%
1961Independiente Santa Fe
33.6%
2013Independiente Santa Fe
33.6%
1976Alianza Lima
31.8%
1978Alianza Lima
31.8%
1994Junior Barranquilla
31.5%
1974Defensor Lima
29.7%
2014Defensor Sporting
29.7%
1960Millonarios
26.4%
1973Millonarios
26.4%
1974Millonarios
26.4%
1971Unión Española (CHI)
24.3%
1975Unión Española (CHI)
24.3%
1989Danubio
23.7%
1977Portuguesa (VEN)
22.9%
1974Huracán
21.6%
2003Independiente Medellín
19.6%
1982Deportes Tolima
18.3%
2007Deportivo Cúcuta
18.2%
1981Jorge Wilstermann
17.9%
1985El Nacional
17.4%
1979Palestino
16.2%
1985Blooming
15.2%
1980O'Higgins
14%
1984Universidad de Los Andes (VEN)
11.1%
1983Atlético San Cristóbal (VEN)
10%
Remove Ads.
Support Sporcle.
Get the best of Sporcle when you Go Orange. This ad-free experience offers more features, more stats, and more fun while also helping to support Sporcle. Thank you for becoming a member.

You're not logged in!

Compare scores with friends on all Sporcle quizzes.
OR
Log In

Sporcle TV

Today on Sporcle TV


Watch our educational content, quiz creation guides, and fun videos on Sporcle TV.

Show Comments

Extras

Top Quizzes Today


Score Distribution

Paid Content

Your Account Isn't Verified!

In order to create a playlist on Sporcle, you need to verify the email address you used during registration. Go to your Sporcle Settings to finish the process.

Report this User

Report this user for behavior that violates our Community Guidelines.

Details: